00550 2200205 4500001002100000005001500021035002000036007000300056008004100059020001800100082001000118084001600128100002200144245007600166250001000242260003600252300002700288600002000315990000900335INLIS00000000000881720210507024123 a0010-0521000110ta210507 g 0 ind  a9786023911769 a371.1 a371.1 AND s0 aAndini Widyastuti1 aSeabrek kesalahan guru PAUD yang sering diremehkan /cAndini Widyastuti acet.1 aYogyakarta :bDIVA Press,c2016 a192 hlm. ;c14 x 20 cm 4aPendidikan anak a5270